Online
Catalog

El barroco en la poesía española : (Record no. 5973)

MARC details
000 -CABECERA
campo de control de longitud fija 00741cam a2200205 a 4500
001 - NÚMERO DE CONTROL
campo de control 000006177
005 - FECHA Y HORA DE LA ÚLTIMA TRANSACCIÓN
campo de control 20200929151948.0
008 - DATOS DE LONGITUD FIJA--INFORMACIÓN GENERAL
campo de control de longitud fija 770812s1975 sp b 001 p spa
020 ## - NÚMERO INTERNACIONAL ESTÁNDAR DEL LIBRO
Número Internacional Estándar del Libro 8432505455
040 ## - FUENTE DE LA CATALOGACIÓN
Centro catalogador/agencia de origen DO-SdBNP
Lengua de catalogación spa
Centro/agencia transcriptor BNPHU
082 ## - NÚMERO DE LA CLASIFICACIÓN DECIMAL DEWEY
Número de clasificación 861.3
Número de documento/Ítem S582b
100 1# - ENTRADA PRINCIPAL--NOMBRE DE PERSONA
Nombre de persona Siles, Jaime,
Fechas asociadas al nombre 1951-
9 (RLIN) 17317
245 13 - MENCIÓN DE TÍTULO
Título El barroco en la poesía española :
Resto del título conscienciación lingüística y tensión histórica /
Mención de responsabilidad, etc. Jaime Siles.
260 ## - PUBLICACIÓN, DISTRIBUCIÓN, ETC.
Lugar de publicación, distribución, etc. Madrid :
Nombre del editor, distribuidor, etc. Doncel,
Fecha de publicación, distribución, etc. 1975.
300 ## - DESCRIPCIÓN FÍSICA
Extensión 196 p. ;
Dimensiones 18 cm.
490 1# - MENCIÓN DE SERIE
Mención de serie El Libro de bolsillo Doncel
Designación de volumen o secuencia no. 78
504 ## - NOTA DE BIBLIOGRAFÍA, ETC.
Nota de bibliografía, etc. Bibliografía: p. [181]-196.
650 #4 - PUNTO DE ACCESO ADICIONAL DE MATERIA--TÉRMINO DE MATERIA
Término de materia o nombre geográfico como elemento de entrada Poesía española
Subdivisión cronológica PERÍODO CLASICO, 1500-1700
Subdivisión general Historia y crítica
9 (RLIN) 8771
650 #4 - PUNTO DE ACCESO ADICIONAL DE MATERIA--TÉRMINO DE MATERIA
Término de materia o nombre geográfico como elemento de entrada Literatura barroca
Subdivisión general Historia y crítica
9 (RLIN) 13420
Holdings
Estado de retiro Estado de pérdida Restricciones de uso No para préstamo Código de colección Localización permanente Ubicación/localización actual Ubicación en estantería Fecha de adquisición Número de inventario Total de préstamos Signatura topográfica completa Código de barras Fecha visto por última vez Precio válido a partir de Tipo de ítem Koha Número de copia
      Excluido de préstamo Monografías: Libros y Folletos General General Depósito 26.08.2009 LF1   861.3 S582b 6177-10 25.06.2020 25.06.2020 No se presta  
      Excluido de préstamo Monografías: Libros y Folletos General General Depósito 26.08.2009 LF1   861.3 S582b 6177-20 25.06.2020 25.06.2020 No se presta e. 2
  Extraviado     Monografías: Libros y Folletos General General Extraviado 26.08.2009 LF1   861.3 S582b 6177-30 25.06.2020 25.06.2020 Préstamo en sala e. 3
  Extraviado     Monografías: Libros y Folletos General General Extraviado 19.05.2017 LF1   861.3 S582b 6177-40 25.06.2020 25.06.2020 Préstamo en sala e. 4

Powered by Koha